000 00445nmm a2200169Ia 4500
008 251105s9999||||xx |||||||||||||||||und||
020 _a9788467191035
041 _aspa
100 _aCelmer, Michelle
245 0 _aEl magnate enamorado
264 _a[Madrid, España] :
_bHarlequin,
_c2010
300 _a192 páginas
490 _a'Magnates'
650 _aRomance
856 _uhttps://public.digitaliapublishing.com/a/49843
942 _cCF
999 _c83640
_d83640